Συ που σκοτώθης για το φως : ποιητική θεατρική σύνθεση

Αποθηκεύτηκε σε:
Λεπτομέρειες βιβλιογραφικής εγγραφής
Κύριος συγγραφέας: Ιωαννίδης, Πάνος, 1935-
Μορφή: Βιβλίο
Γλώσσα:Greek
Δημοσίευση: Λευκωσία : Αρμίδα, 2004
Έκδοση:2η έκδοση
Θέματα:
Ετικέτες: Προσθήκη ετικέτας
Δεν υπάρχουν, Καταχωρήστε ετικέτα πρώτοι!

MARC

LEADER 00000cam a2200000 i 4500
001 1/15833
008 111018s1964 gre d
020 |a 9963-620-19-1 
035 |l 10111138 
040 |a GR-MY-UA  |b gre  |e aacr 
041 0 |a gre 
082 0 |a 889.1  |2 (22) 
100 1 |a Ιωαννίδης, Πάνος,   |d 1935- 
245 1 0 |a Συ που σκοτώθης για το φως :  |b ποιητική θεατρική σύνθεση /  |c Πάνος Ιωαννίδης 
250 |a 2η έκδοση 
260 |a Λευκωσία :   |b Αρμίδα,   |c 2004 
300 |a 58 σ.;  |c 24 εκ. 
650 0 0 |a Greek poetry. 
650 0 0 |a Greek poetry  |z Cyprus. 
852 |a INST  |b RHODES  |e 20111018  |h 889.1 ΙΩΑ  |p 005400033754  |q 005400033754  |t BK  |y 0 
901 |a BIBL4-2011-3 
909 |a Ρ  |b 170377 
970 |z 2011/10/18